| 000 | 00606nam a22001937a 4500 | ||
|---|---|---|---|
| 003 | OSt | ||
| 005 | 20230605033856.0 | ||
| 008 | 230605b |||||||| |||| 00| 0 eng d | ||
| 020 | _a9710868438 | ||
| 040 |
_aOC _cDivine Word College of Legazpi |
||
| 082 | _a499.211 | ||
| 100 | _aArrogante, Jose A. | ||
| 245 |
_aRetorika : _bmasining na pagpapahayag / _cJose A. Arrogante |
||
| 260 |
_aMandaluyong City _bNational Bookstore _cc2007. |
||
| 300 |
_axxi, 468 pages: _billustrations; _c26cm. |
||
| 504 | _aIncludes bibliographical references. | ||
| 650 | _aLanguage--study and teaching. | ||
| 942 |
_2ddc _cBK - FIL _n0 |
||
| 999 |
_c17 _d17 |
||